[Event "IECC Swiss-484.4"]
[Site "IECC email"]
[Date "2006.05.12"]
[Round "?"]
[White "Wozniak, Zbigniew"]
[Black "Matthews, Michael"]
[Result "1-0"]
[WhiteElo "1691"]
[BlackElo "2026"]
[PlyCount "65"]
[EventDate "2006.??.??"]
[EventType "swiss (corr)"]
[EventRounds "1"]
[SourceTitle "Corr 2020"]
[Source "ChessBase"]
[SourceDate "2019.09.30"]
[SourceVersion "1"]
[SourceVersionDate "2019.09.30"]
[SourceQuality "1"]
[WhiteTeam "Poland"]
[BlackTeam "Australia"]
[WhiteTeamCountry "POL"]
[BlackTeamCountry "AUS"]

1. e4 c5 2. Nf3 e6 3. d4 cxd4 4. Nxd4 Nc6 5. Nc3 Qc7 6. Be3 a6 7. Qd2 Nf6 8. 0-0-0 Bb4 9. f3 Ne5 10. Nb3 b5 11. Bd4 Be7 12. Qf2 d6 13. Kb1 0-0 14. g4 Nfd7 15. Rg1 Bb7 16. g5 Rac8 17. a3 Nc6 18. Be3 Na5 19. Nxa5 Qxa5 20. Qd2 Kh8 21. h4 d5 22. exd5 b4 23. Na2 Bxd5 24. Nxb4 Rb8 25. c3 Qa4 26. Bc4 Bxb4 27. cxb4 Bxc4 28. Qxd7 Qb3 29. Bc5 Rfe8 30. Qxf7 e5 31. Qf5 e4 32. fxe4 Rbd8 33. Kc1 1-0

[Event "IECC CL2-2006.01 email"]
[Site "IECC email"]
[Date "2006.02.03"]
[Round "?"]
[White "Kirpikov, Alexander Leonidovi"]
[Black "Matthews, Michael"]
[Result "1/2-1/2"]
[WhiteElo "2199"]
[BlackElo "2041"]
[PlyCount "125"]
[EventDate "2006.??.??"]
[EventType "tourn (corr)"]
[EventRounds "4"]
[SourceTitle "Corr 2015"]
[Source "ChessBase"]
[SourceDate "2015.07.17"]
[SourceVersion "1"]
[SourceVersionDate "2015.07.17"]
[SourceQuality "1"]
[WhiteTeam "Russia"]
[BlackTeam "Australia"]
[WhiteTeamCountry "RUS"]
[BlackTeamCountry "AUS"]

1. e4 e5 2. Nf3 Nc6 3. Bb5 a6 4. Ba4 Nf6 5. 0-0 Be7 6. Re1 b5 7. Bb3 d6 8. c3 0-0 9. h3 Bb7 10. d4 Re8 11. Nbd2 Bf8 12. d5 Nb8 13. Nf1 Nbd7 14. N3h2 Nc5 15. Bc2 c6 16. b4 Ncd7 17. dxc6 Bxc6 18. Bg5 h6 19. Bxf6 Nxf6 20. Ng4 Rc8 21. Nxf6+ Qxf6 22. a4 Re7 23. axb5 axb5 24. Ne3 Rec7 25. Ra3 Qf4 26. g3 Qf6 27. h4 g6 28. h5 Be7 29. Qe2 Kg7 30. hxg6 fxg6 31. Rea1 h5 32. c4 bxc4 33. b5 Bxb5 34. Nd5 Qf7 35. Nxc7 Rxc7 36. Qe3 Bc6 37. Ra7 Bd8 38. R1a6 h4 39. gxh4 Bb7 40. Rxd6 Bxh4 41. f4 Bc8 42. Rxc7 Qxc7 43. fxe5 Be7 44. Qd4 Qa5 45. Kg2 Qa2 46. Qc3 Bxd6 47. exd6+ Kf7 48. Kg3 Ke6 49. e5 Qa7 50. Qxc4+ Kxe5 51. Qf4+ Kd5 52. Bb3+ Kc6 53. Kg2 Qb7 54. Bd1 Qb2+ 55. Kg3 Bf5 56. Ba4+ Kc5 57. d7 Qc3+ 58. Kf2 Qb2+ 59. Kg1 Qb1+ 60. Kg2 Qb2+ 61. Kf3 Qa3+ 62. Ke2 Qa2+ 63. Qd2 1/2-1/2

[Event "IECC CL2-2006.01 email"]
[Site "IECC email"]
[Date "2006.02.03"]
[Round "?"]
[White "Matthews, Michael"]
[Black "Malmstroem, Jan"]
[Result "1/2-1/2"]
[WhiteElo "2041"]
[BlackElo "2046"]
[PlyCount "90"]
[EventDate "2006.??.??"]
[EventType "tourn (corr)"]
[EventRounds "4"]
[SourceTitle "Corr 2015"]
[Source "ChessBase"]
[SourceDate "2015.07.17"]
[SourceVersion "1"]
[SourceVersionDate "2015.07.17"]
[SourceQuality "1"]

1. d4 Nf6 2. Nf3 d5 3. c4 e6 4. Nc3 Be7 5. Bg5 Nbd7 6. Qc2 0-0 7. 0-0-0 c5 8. e3 cxd4 9. Nxd4 h6 10. cxd5 hxg5 11. dxe6 Ne5 12. exf7+ Rxf7 13. Nf3 Qc7 14. Nxg5 Rf8 15. Be2 Bd7 16. Rd4 g6 17. Kb1 Qb6 18. Rhd1 Rad8 19. R4d2 Bf5 20. e4 Bg4 21. f3 Rxd2 22. Qxd2 Bc8 23. f4 Neg4 24. h3 Nf2 25. Rf1 Bc5 26. e5 Be3 27. Qe1 Bxf4 28. Bc4+ Kg7 29. exf6+ Qxf6 30. Nf3 Qf5+ 31. Ka1 Qc5 32. Qe2 Bg3 33. Bd5 b6 34. Re1 a5 35. Nd4 a4 36. Qe3 a3 37. Qg5 Ne4 38. Rxe4 Rf1+ 39. Nb1 Bd6 40. h4 Bf5 41. Nxf5+ Rxf5 42. Qd2 Rxd5 43. Qc3+ Qxc3 44. Nxc3 Rd2 45. Re2 axb2+ 1/2-1/2

[Event "IECC CL2-2005.17 email"]
[Site "IECC email"]
[Date "2005.11.21"]
[Round "?"]
[White "Graff, John V"]
[Black "Matthews, Michael"]
[Result "0-1"]
[WhiteElo "2103"]
[BlackElo "2016"]
[PlyCount "160"]
[EventDate "2005.??.??"]
[EventType "tourn (corr)"]
[EventRounds "4"]
[SourceTitle "Corr 2008"]
[Source "ChessBase"]
[SourceDate "2008.06.24"]
[SourceVersion "1"]
[SourceVersionDate "2008.06.24"]
[SourceQuality "1"]

1. e3 Nf6 2. d4 g6 3. c4 Bg7 4. Nf3 d6 5. Nc3 0-0 6. Be2 Nbd7 7. e4 c6 8. 0-0 e5 9. dxe5 Nxe5 10. Bf4 Nfg4 11. Qd2 Be6 12. b3 Nxf3+ 13. Bxf3 g5 14. Bg3 Qa5 15. Rac1 Ne5 16. Be2 Ng6 17. Rfd1 Rad8 18. Bf1 Be5 19. Rc2 f6 20. Ne2 Qb6 21. Nd4 Bc8 22. Be2 Nf4 23. Bf3 Rfe8 24. Ne2 Nxe2+ 25. Bxe2 Bxg3 26. hxg3 Qc5 27. b4 Qe5 28. Bd3 b6 29. Rcc1 c5 30. a3 Be6 31. Re1 Qd4 32. Qc2 Bf7 33. Rcd1 cxb4 34. axb4 Qe5 35. b5 Rc8 36. Ra1 Re7 37. Rac1 Rc5 38. Qb1 Kg7 39. Qb4 Bh5 40. Kf1 Rec7 41. Qa3 Bg4 42. Qb3 h5 43. Kg1 Qd4 44. Re3 Re5 45. Ree1 h4 46. gxh4 gxh4 47. Qa3 h3 48. Re3 hxg2 49. Rg3 Rg5 50. Kxg2 Qe5 51. Rh1 Qf4 52. Bb1 Kg8 53. Qd3 Be6 54. Ba2 Rcg7 55. Bb3 Kf8 56. Rh8+ Bg8 57. Qf3 Qe5 58. Bc2 Qb2 59. Qd3 Ke7 60. Rxg5 Rxg5+ 61. Kf3 Rg1 62. Bb3 Be6 63. Rh7+ Ke8 64. Rh4 Qe5 65. Qe3 Rg7 66. Qf4 Qb2 67. Qe3 Ke7 68. Qd3 Qe5 69. c5 dxc5 70. Bxe6 Qxe6 71. Rh8 Qd7 72. Ke3 Qxd3+ 73. Kxd3 Rg1 74. Rh7+ Ke6 75. Rxa7 Rb1 76. f4 Rb3+ 77. Kd2 Rxb5 78. Rc7 f5 79. e5 Rb2+ 80. Kd3 Rb3+ 0-1

[Event "IECC KO-3046"]
[Site "IECC email"]
[Date "2005.07.20"]
[Round "?"]
[White "Hinman, Chris"]
[Black "Matthews, Michael"]
[Result "0-1"]
[WhiteElo "1713"]
[BlackElo "1981"]
[PlyCount "48"]
[EventDate "2005.??.??"]
[EventType "match (corr)"]
[EventRounds "2"]
[SourceTitle "Corr 2008"]
[Source "ChessBase"]
[SourceDate "2008.06.24"]
[SourceVersion "1"]
[SourceVersionDate "2008.06.24"]
[SourceQuality "1"]

1. c4 Nf6 2. g3 e6 3. Bg2 d5 4. Nf3 Be7 5. d4 0-0 6. 0-0 dxc4 7. Qc2 a6 8. a4 Bd7 9. Qxc4 Bc6 10. Bg5 Bd5 11. Qd3 Be4 12. Qe3 Bc6 13. Nc3 a5 14. Rad1 Nd5 15. Nxd5 Bxd5 16. Bxe7 Qxe7 17. Qd3 Nc6 18. e4 Nb4 19. Qe2 Bb3 20. Ra1 Qd7 21. Qb5 Rfd8 22. Qxd7 Rxd7 23. Ra3 Bc2 24. Re1 Nc6 0-1

[Event "IECC KO-3046"]
[Site "IECC email"]
[Date "2005.07.20"]
[Round "?"]
[White "Matthews, Michael"]
[Black "Hinman, Chris"]
[Result "1-0"]
[WhiteElo "1973"]
[BlackElo "1719"]
[PlyCount "49"]
[EventDate "2005.??.??"]
[EventType "match (corr)"]
[EventRounds "2"]
[SourceTitle "Corr 2008"]
[Source "ChessBase"]
[SourceDate "2008.06.24"]
[SourceVersion "1"]
[SourceVersionDate "2008.06.24"]
[SourceQuality "1"]

1. d4 Nf6 2. Nf3 g6 3. c4 Bg7 4. Nc3 0-0 5. e4 d6 6. Be2 e5 7. Be3 Na6 8. 0-0 Ng4 9. Bg5 Qe8 10. h3 h6 11. Bc1 exd4 12. Nxd4 Nf6 13. Bf3 Nh7 14. Be3 Ng5 15. Re1 c6 16. Bg4 Bxg4 17. Qxg4 Qe7 18. h4 Nh7 19. Rad1 Nf6 20. Qh3 Rfe8 21. h5 Nxh5 22. Nf5 gxf5 23. Qxh5 Qf6 24. exf5 Re5 25. g4 1-0

[Event "IECC CL3-2005.07 email"]
[Site "IECC email"]
[Date "2005.07.04"]
[Round "?"]
[White "Matthews, Michael"]
[Black "Allen, Richard G"]
[Result "1/2-1/2"]
[WhiteElo "1906"]
[BlackElo "1929"]
[PlyCount "62"]
[EventDate "2005.??.??"]
[EventType "tourn (corr)"]
[EventRounds "4"]
[SourceTitle "Corr 2015"]
[Source "ChessBase"]
[SourceDate "2015.07.17"]
[SourceVersion "1"]
[SourceVersionDate "2015.07.17"]
[SourceQuality "1"]

1. e4 e5 2. Nf3 Nc6 3. Bb5 Nf6 4. 0-0 Bc5 5. c3 0-0 6. d4 Bb6 7. Bg5 h6 8. Bh4 d6 9. a4 a5 10. Re1 exd4 11. Bxc6 bxc6 12. Nxd4 Bd7 13. Nd2 Re8 14. b3 c5 15. Nf5 Bxf5 16. exf5 Rxe1+ 17. Qxe1 d5 18. Qe5 Ng4 19. Qg3 Nf6 20. Re1 Kh7 21. Nf3 Qd7 22. Bxf6 gxf6 23. Qg4 Rg8 24. Qh5 Rg7 25. h3 c4 26. bxc4 dxc4 27. Nh2 Rg5 28. Qe2 Rxf5 29. Nf3 Rc5 30. Rd1 Qe6 31. Qd2 Rc6 1/2-1/2

[Event "IECC KO-3044"]
[Site "IECC email"]
[Date "2005.06.10"]
[Round "?"]
[White "Basson, Heinrich"]
[Black "Matthews, Michael"]
[Result "0-1"]
[WhiteElo "1714"]
[BlackElo "1914"]
[PlyCount "78"]
[EventDate "2005.??.??"]
[EventType "match (corr)"]
[EventRounds "2"]
[SourceTitle "Corr 2020"]
[Source "ChessBase"]
[SourceDate "2019.09.30"]
[SourceVersion "1"]
[SourceVersionDate "2019.09.30"]
[SourceQuality "1"]
[WhiteTeam "South Africa"]
[BlackTeam "Australia"]
[WhiteTeamCountry "RSA"]
[BlackTeamCountry "AUS"]

1. e4 c5 2. Nf3 d6 3. d4 cxd4 4. Nxd4 Nf6 5. Nc3 a6 6. Be2 e6 7. 0-0 Be7 8. Qd3 0-0 9. Qg3 Kh8 10. Rd1 e5 11. Nb3 b5 12. a3 Be6 13. Nc5 Qe8 14. Nxe6 fxe6 15. Be3 Nc6 16. Rd3 Rc8 17. Qh3 Qf7 18. Bf3 Na5 19. Re1 Nc4 20. Bc1 Rc6 21. b3 Nb6 22. Bd2 Kg8 23. Bg5 Nbd7 24. b4 Rfc8 25. Ree3 h6 26. Bxf6 Nxf6 27. Be2 Bd8 28. Bg4 Nxg4 29. Qxg4 Bg5 30. Rh3 Rc4 31. Qd1 d5 32. exd5 exd5 33. Qe1 e4 34. Rd1 Rd8 35. f3 e3 36. Ne2 d4 37. f4 Bf6 38. Rc1 Qc7 39. Qd1 d3 0-1

[Event "IECC Swiss-492.2"]
[Site "IECC email"]
[Date "2005.05.09"]
[Round "?"]
[White "Wozniak, Zbigniew"]
[Black "Matthews, Michael"]
[Result "0-1"]
[WhiteElo "1740"]
[BlackElo "1930"]
[PlyCount "126"]
[EventDate "2005.??.??"]
[EventType "swiss (corr)"]
[EventRounds "1"]
[SourceTitle "Corr 2008"]
[Source "ChessBase"]
[SourceDate "2008.06.24"]
[SourceVersion "1"]
[SourceVersionDate "2008.06.24"]
[SourceQuality "1"]

1. e4 c5 2. Nf3 d6 3. d4 cxd4 4. Nxd4 Nf6 5. Nc3 g6 6. Be3 Bg7 7. f3 0-0 8. Qd2 Nc6 9. Bc4 Bd7 10. h4 Rc8 11. Bb3 h5 12. 0-0-0 Ne5 13. Bg5 Rc5 14. Kb1 b5 15. g4 hxg4 16. h5 Nxh5 17. Nd5 Re8 18. Rxh5 gxh5 19. Qh2 Rxd5 20. Bxd5 gxf3 21. Qxh5 f2 22. Rh1 Qa5 23. c3 e6 24. Qh7+ Kf8 25. Bh6 Bxh6 26. Qxh6+ Ke7 27. Qg5+ f6 28. Qg7+ Kd8 29. Qxf6+ Kc8 30. Nxe6 Qb6 31. Nd4 Ng4 32. Qf4 b4 33. Rc1 Kb8 34. cxb4 Rc8 35. Rxc8+ Kxc8 36. Ne6 Kb8 37. a3 Nh2 38. Nc5 Qxc5 39. bxc5 f1R+ 40. Qxf1 Nxf1 41. cxd6 Ne3 42. Bb3 Bc6 43. e5 Kc8 44. Kc1 Kd7 45. Kd2 Ng4 46. e6+ Kxd6 47. Kc3 Bf3 48. Ba2 Bd1 49. b4 Nf6 50. Bc4 Ba4 51. Bb3 Bxb3 52. Kxb3 Kxe6 53. Kc4 Kd6 54. b5 Nd5 55. a4 Nb6+ 56. Kb4 Nd7 57. Ka5 Nb8 58. Kb4 Kd5 59. a5 Nd7 60. a6 Nb6 61. Ka5 Kd4 62. Kb4 Nd5+ 63. Ka5 Kc5 0-1

[Event "IECC KO-3044"]
[Site "IECC email"]
[Date "2005.02.12"]
[Round "?"]
[White "Matthews, Michael"]
[Black "Guelker, Lorenz"]
[Result "1-0"]
[WhiteElo "1747"]
[BlackElo "1554"]
[PlyCount "57"]
[EventDate "2005.??.??"]
[EventType "match (corr)"]
[EventRounds "2"]
[SourceTitle "Corr 2020"]
[Source "ChessBase"]
[SourceDate "2019.09.30"]
[SourceVersion "1"]
[SourceVersionDate "2019.09.30"]
[SourceQuality "1"]
[WhiteTeam "Australia"]
[BlackTeam "Germany"]
[WhiteTeamCountry "AUS"]
[BlackTeamCountry "GER"]

1. e4 e5 2. Nf3 d6 3. d4 exd4 4. Nxd4 Nf6 5. Nc3 Nc6 6. Bb5 Bd7 7. Nxc6 bxc6 8. Ba4 d5 9. 0-0 dxe4 10. Bg5 Be7 11. Bxf6 Bxf6 12. Nxe4 Bxb2 13. Rb1 Ba3 14. Rb3 Qe7 15. Qf3 Bb4 16. Rfb1 a5 17. c3 0-0 18. cxb4 Be6 19. Re3 axb4 20. Bb3 Rfe8 21. Rbe1 h6 22. Ng3 Qd6 23. Nf5 Qd7 24. Nxh6+ gxh6 25. Qf6 h5 26. Qg5+ Kf8 27. Qh6+ Kg8 28. Bc2 h4 29. Bh7+ 1-0

[Event "IECC CL4-2005.02 email"]
[Site "IECC email"]
[Date "2005.02.05"]
[Round "?"]
[White "Basson, Heinrich"]
[Black "Matthews, Michael"]
[Result "0-1"]
[WhiteElo "1670"]
[BlackElo "1733"]
[PlyCount "86"]
[EventDate "2005.??.??"]
[EventType "tourn (corr)"]
[EventRounds "4"]
[SourceTitle "Corr 2015"]
[Source "ChessBase"]
[SourceDate "2015.07.17"]
[SourceVersion "1"]
[SourceVersionDate "2015.07.17"]
[SourceQuality "1"]

1. e4 c5 2. Nf3 d6 3. d4 cxd4 4. Nxd4 Nf6 5. Nc3 a6 6. Be2 e5 7. Nf3 h6 8. 0-0 Be6 9. Qd3 Nbd7 10. Rd1 Nc5 11. Qe3 Ng4 12. Qd2 Qb6 13. Qe1 Be7 14. h3 Nf6 15. Nd5 Qc6 16. Nxe7 Kxe7 17. Nd2 Rhc8 18. Bf3 b5 19. Nf1 Ncxe4 20. Bd2 d5 21. Bb4+ Ke8 22. c3 a5 23. Ba3 Rab8 24. Ne3 Qb7 25. Bxe4 Nxe4 26. f3 b4 27. fxe4 dxe4 28. cxb4 axb4 29. Qg3 bxa3 30. Qxg7 axb2 31. Rab1 Qb6 32. Qh8+ Ke7 33. Qxh6 Rd8 34. Qh4+ f6 35. Re1 Bxa2 36. Qh7+ Kd6 37. Red1+ Ke6 38. Qf5+ Ke7 39. Qh7+ Bf7 40. Re1 Rh8 41. Qxe4 Ba2 42. Kh1 Kf7 43. Nf5 Qb4 0-1

[Event "IECC CL5-2004.26 email"]
[Site "IECC email"]
[Date "2004.10.22"]
[Round "?"]
[White "Matthews, Michael"]
[Black "Basson, Heinrich"]
[Result "1-0"]
[WhiteElo "1615"]
[BlackElo "1640"]
[PlyCount "119"]
[EventDate "2004.??.??"]
[EventType "tourn (corr)"]
[EventRounds "4"]
[SourceTitle "Corr 2008"]
[Source "ChessBase"]
[SourceDate "2008.06.24"]
[SourceVersion "1"]
[SourceVersionDate "2008.06.24"]
[SourceQuality "1"]

1. c4 e5 2. g3 Nf6 3. Bg2 Bc5 4. Nc3 0-0 5. e3 c6 6. Nge2 d5 7. cxd5 Nxd5 8. Nxd5 cxd5 9. Qb3 Nc6 10. Qxd5 Nb4 11. Qxd8 Rxd8 12. 0-0 Nd3 13. a3 a5 14. Nc3 f5 15. Bd5+ Kf8 16. Bc4 b6 17. Nd5 e4 18. Bxd3 exd3 19. Nc7 Rb8 20. b4 Bd6 21. Nb5 Be5 22. Rb1 Bd7 23. f4 Bf6 24. Nd4 Bxd4 25. exd4 Bc6 26. Re1 Be4 27. Kf2 Kf7 28. Bb2 axb4 29. axb4 Ra8 30. Ra1 g6 31. Rxa8 Rxa8 32. Rc1 Re8 33. Ke3 Ke6 34. Rc7 h6 35. Rg7 Kd5 36. Rxg6 Kc4 37. d5 Bxd5+ 38. Be5 Re6 39. Rg7 Be4 40. g4 Kxb4 41. Rf7 Bd5 42. gxf5 Rc6 43. Rd7 Kc4 44. Bg7 b5 45. Kf2 Bg8 46. f6 Re6 47. f7 Re2+ 48. Kg3 Bxf7 49. Rxf7 Rxd2 50. f5 Rd1 51. Rd7 d2 52. f6 Rg1+ 53. Kf2 d1Q 54. Rxd1 Rxd1 55. f7 Rd8 56. f8Q Rxf8+ 57. Bxf8 b4 58. Bxh6 Kd5 59. Kf3 b3 60. Bg7 1-0

[Event "IECC M-5098"]
[Site "IECC email"]
[Date "2004.08.10"]
[Round "?"]
[White "Matthews, Michael"]
[Black "Searson, Brendan"]
[Result "1-0"]
[WhiteElo "1537"]
[BlackElo "1653"]
[PlyCount "37"]
[EventDate "2004.??.??"]
[EventType "tourn (corr)"]
[EventRounds "10"]
[SourceTitle "Corr 2020"]
[Source "ChessBase"]
[SourceDate "2019.09.30"]
[SourceVersion "1"]
[SourceVersionDate "2019.09.30"]
[SourceQuality "1"]
[WhiteTeam "Australia"]
[BlackTeam "England"]
[WhiteTeamCountry "AUS"]
[BlackTeamCountry "ENG"]

1. e4 d5 2. exd5 Nf6 3. Nf3 Qxd5 4. Nc3 Qd8 5. Bc4 Bg4 6. Ne5 Be6 7. Bxe6 fxe6 8. d4 Nbd7 9. 0-0 c6 10. Nf3 Qa5 11. Qe2 Qf5 12. Re1 h6 13. Na4 g5 14. Qxe6 Qxe6 15. Rxe6 g4 16. Ne1 Bg7 17. Nd3 Nf8 18. Re1 N8h7 19. Nac5 1-0

[Event "IECC M-5098"]
[Site "IECC email"]
[Date "2004.08.10"]
[Round "?"]
[White "Matthews, Michael"]
[Black "Tosney, Paul"]
[Result "1-0"]
[WhiteElo "1499"]
[BlackElo "1489"]
[PlyCount "45"]
[EventDate "2004.??.??"]
[EventType "tourn (corr)"]
[EventRounds "10"]
[SourceTitle "Corr 2020"]
[Source "ChessBase"]
[SourceDate "2019.09.30"]
[SourceVersion "1"]
[SourceVersionDate "2019.09.30"]
[SourceQuality "1"]
[WhiteTeam "Australia"]
[BlackTeam "England"]
[WhiteTeamCountry "AUS"]
[BlackTeamCountry "ENG"]

1. d4 d6 2. e4 Nf6 3. Nc3 g6 4. Be3 Bg7 5. Qd2 c6 6. Bh6 Bxh6 7. Qxh6 e5 8. Nf3 Nbd7 9. Bc4 exd4 10. Nxd4 Ne5 11. Bb3 Neg4 12. Qg7 Rf8 13. h3 Ne5 14. Qh6 Qe7 15. f4 Ned7 16. 0-0-0 Nc5 17. Nf3 Ncxe4 18. Rhe1 Bd7 19. Nxe4 Nxe4 20. Rxe4 Be6 21. Bxe6 fxe6 22. Ng5 0-0-0 23. Rxe6 1-0

[Event "IECC KO-2058"]
[Site "IECC email"]
[Date "2004.06.14"]
[Round "?"]
[White "Guelker, Lorenz"]
[Black "Matthews, Michael"]
[Result "0-1"]
[WhiteElo "1604"]
[BlackElo "1410"]
[PlyCount "50"]
[EventDate "2004.??.??"]
[EventType "match (corr)"]
[EventRounds "2"]
[SourceTitle "Corr 2020"]
[Source "ChessBase"]
[SourceDate "2019.09.30"]
[SourceVersion "1"]
[SourceVersionDate "2019.09.30"]
[SourceQuality "1"]
[WhiteTeam "Germany"]
[BlackTeam "Australia"]
[WhiteTeamCountry "GER"]
[BlackTeamCountry "AUS"]

1. d4 d5 2. Nf3 Nf6 3. e3 c5 4. dxc5 e6 5. b4 a5 6. c3 axb4 7. cxb4 b6 8. Bb5+ Bd7 9. Bxd7+ Nfxd7 10. Bb2 bxc5 11. bxc5 Bxc5 12. Bxg7 Rg8 13. Bc3 Rxg2 14. Qd3 Rg6 15. a4 Be7 16. Nbd2 Nc6 17. Nb3 Rb8 18. Nbd4 Nce5 19. Qc2 Rc8 20. Nd2 Bb4 21. Nb1 Nc5 22. a5 Ncd3+ 23. Ke2 Qh4 24. Rf1 Rg2 25. Qa4+ Kd8 0-1